000 00603nam a2200241 a 4500
001 nice12345678
003 IN_TiNIC
005 20260116014059.0
008 140525s2009 oxfa grp 000 0 eng
020 _a9781851685110
_c395
082 0 0 _a297.4
_bCHI8
100 _aChittick, William C
245 _aIbn`arabi
_b Heir to the Prophets
260 _aOxford
_bOne World Publications
_c2009
300 _a152p
500 _aincludes index and biblioraphy
505 2 _aindex
650 _aIbn-Arabi
700 1 _aChittick, William C
902 _bSRS
942 _cBK
999 _c13787
_d13787